00301nam a2200133Ia 45000030006000000080041000060400015000471000017000622450031000792500011001102600017001215460012001380050017001500STCL150530s9999 xx 000 0 und d aSTCLcSTCL aRamsey, A.S. aTreatise on hydromechanics aFourth bG.Bellc1960 aEnglish20220125170141.0